Countries that no longer exist Quiz Stats

Quiz not verified by Sporcle

Challenge
Share
Tweet
Embed
Score 0/20 Timer 04:00
0 Plays Today
% Correct
East Germany
69.7%
USSR
68.4%
South Vietnam
67.1%
Austria Hungary
64.5%
Ottoman Empire
60.5%
Yugoslavia
59.2%
Czechoslovakia
50%
South Yemen
48.7%
Texas
48.7%
Vermont
46.1%
% Correct
Iberian Union
40.8%
United Arab Republic
32.9%
Kingdom of Hawaii
32.9%
Dominion of Newfoundland
30.3%
Sikkim
30.3%
Sultanate of Zanzibar
28.9%
Kingdom of Tibet
27.6%
Gran Colombia
22.4%
Greater Republic of Central America
21.1%
Federal Republic of Central America
17.1%

You're not logged in!

Compare scores with friends on all Sporcle quizzes.
Join for Free
OR
Log In

You Might Also Like...

Show Comments

Extras

Top Quizzes Today


Score Distribution

Your Account Isn't Verified!

In order to create a playlist on Sporcle, you need to verify the email address you used during registration. Go to your Sporcle Settings to finish the process.

Report this User

Report this user for behavior that violates our Community Guidelines.

Details: